[Event "Quebec op"]
[Site "Montreal CAN"]
[Date "2016.07.27"]
[Round "6.15"]
[White "Vorobev, Alexander"]
[Black "Gagnon, Serge"]
[Result "1-0"]
[WhiteElo "1900"]
[BlackElo "2013"]
[PlyCount "43"]
[EventDate "2016.07.23"]
[EventType "swiss"]
[EventRounds "8"]
[EventCountry "CAN"]

1. e4 d6 2. d4 g6 3. f4 Bg7 4. Nf3 Nf6 5. Nc3 O-O 6. Bd3 Nc6 7. e5 Ng4 8. h3
Nh6 9. Be3 dxe5 10. dxe5 f6 11. Bc4+ Kh8 12. Qe2 e6 13. Bc5 Rf7 14. Rd1 Rd7 15.
O-O fxe5 16. fxe5 Qg8 17. Rxd7 Bxd7 18. Ne4 b6 19. Ba3 Nd8 20. Be7 Ndf7 21. Nf6
Qc8 22. Ba6 1-0

[Event "Quebec op"]
[Site "Montreal CAN"]
[Date "2016.07.27"]
[Round "6.16"]
[White "Barre, Michel"]
[Black "Robichaud, Louis"]
[Result "0-1"]
[WhiteElo "1942"]
[BlackElo "2056"]
[PlyCount "92"]
[EventDate "2016.07.23"]
[EventType "swiss"]
[EventRounds "8"]
[EventCountry "CAN"]

1. d4 Nf6 2. Bf4 g6 3. e3 Bg7 4. Nf3 O-O 5. Be2 d6 6. h3 c5 7. c3 b6 8. Nbd2
Bb7 9. O-O Nbd7 10. a4 a6 11. Qb3 Qc7 12. Rfd1 Rae8 13. Bh2 h6 14. Nh4 Bd5 15.
Bc4 Bxc4 16. Qxc4 Qb7 17. Qb3 Kh7 18. Nc4 Rb8 19. Nxd6 exd6 20. Bxd6 c4 21. Qa3
Rbc8 22. Bxf8 Bxf8 23. Qa2 Ne4 24. Nf3 Bd6 25. Nd2 Nxd2 26. Rxd2 Nf6 27. f3 Nd5
28. e4 Bf4 29. Re2 Nf6 30. b3 cxb3 31. Qxb3 Qc7 32. Rb1 Bg3 33. Reb2 Nh5 34. e5
Nf4 35. Qxb6 Qc4 36. Qb7 Rc6 37. Qb3 Nd5 38. Qxc4 Rxc4 39. Ra1 a5 40. Re2 Rxc3
41. e6 Nf4 42. Re5 fxe6 43. Rxa5 Rc2 44. Ra7+ Kg8 45. Rb1 Rxg2+ 46. Kf1 Rf2+
0-1

[Event "Quebec op"]
[Site "Montreal CAN"]
[Date "2016.07.27"]
[Round "6.17"]
[White "Larochelle, Martial"]
[Black "Trahan, Daniel"]
[Result "0-1"]
[WhiteElo "2112"]
[BlackElo "1962"]
[PlyCount "58"]
[EventDate "2016.07.23"]
[EventType "swiss"]
[EventRounds "8"]
[EventCountry "CAN"]

1. d4 Nf6 2. c4 e6 3. Nc3 Bb4 4. e3 O-O 5. Nge2 d5 6. a3 Be7 7. cxd5 exd5 8.
Nf4 c6 9. Bd3 Bd6 10. O-O Re8 11. f3 b6 12. b4 Ba6 13. b5 Bb7 14. bxc6 Nxc6 15.
Nfe2 Rc8 16. h3 a6 17. e4 Nxd4 18. Nxd4 Rxc3 19. Bb2 Rc8 20. Qb3 Bc5 21. Rad1
dxe4 22. Bc4 Qc7 23. fxe4 Rxe4 24. Rxf6 gxf6 25. Bd5 Bxd5 26. Qxd5 Qe5 27. Qd7
Re8 28. Kh1 Qg3 29. Nf3 Re1+ 0-1

[Event "Quebec op"]
[Site "Montreal CAN"]
[Date "2016.07.27"]
[Round "6.18"]
[White "Babb, Jeff"]
[Black "Bouchard, Jean-Marc"]
[Result "1/2-1/2"]
[WhiteElo "2096"]
[BlackElo "1866"]
[PlyCount "70"]
[EventDate "2016.07.23"]
[EventType "swiss"]
[EventRounds "8"]
[EventCountry "CAN"]

1. f4 d5 2. e3 e6 3. Nf3 f5 4. b3 Nf6 5. Bb2 Bd6 6. Be2 O-O 7. O-O Qe7 8. Qe1
c6 9. d3 b6 10. h3 Bb7 11. Nbd2 Nbd7 12. Ne5 c5 13. a4 Bc7 14. Qh4 Rae8 15.
Ndf3 Nxe5 16. fxe5 Nd7 17. Qxe7 Rxe7 18. d4 g6 19. Bb5 Rc8 20. Ba3 Bd8 21. Bxd7
Rxd7 22. Rac1 Ba6 23. Rfe1 Kf7 24. c3 Rdc7 25. Bb2 Bd3 26. Kf2 h6 27. h4 Be4
28. Rh1 Bxf3 29. gxf3 Be7 30. Ke2 a5 31. Kd3 c4+ 32. bxc4 Rxc4 33. Ra1 Kg7 34.
f4 Kf7 35. Ra2 h5 1/2-1/2

[Event "Quebec op"]
[Site "Montreal CAN"]
[Date "2016.07.27"]
[Round "6.19"]
[White "Nikulich, Oleksandr"]
[Black "Keesal, Sheldon"]
[Result "1-0"]
[WhiteElo "1984"]
[BlackElo "2043"]
[PlyCount "77"]
[EventDate "2016.07.23"]
[EventType "swiss"]
[EventRounds "8"]
[EventCountry "CAN"]

1. e4 e6 2. d4 d5 3. Nd2 c5 4. Ngf3 cxd4 5. exd5 Qxd5 6. Bc4 Qd8 7. O-O Nc6 8.
Nb3 Nf6 9. Nbxd4 Bd7 10. Nb5 Na5 11. Bf4 Rc8 12. Be2 Bxb5 13. Bxb5+ Nc6 14. Ne5
Qb6 15. Qe2 Be7 16. Be3 Qc7 17. Bxa7 O-O 18. Bxc6 bxc6 19. Bd4 Rfd8 20. Bc3 Nd5
21. Bd2 Bd6 22. Nf3 Rb8 23. b3 Ba3 24. c4 Nf4 25. Qe4 Ng6 26. Bc3 Bd6 27. g3
Bc5 28. Rad1 Qb6 29. Ne5 Nxe5 30. Qxe5 Bf8 31. Ba5 Rxd1 32. Bxb6 Rxf1+ 33. Kxf1
Rxb6 34. Qc7 Ra6 35. a4 Ra8 36. Qxc6 Rb8 37. a5 Rxb3 38. a6 Ra3 39. Qb7 1-0

[Event "Quebec op"]
[Site "Montreal CAN"]
[Date "2016.07.27"]
[Round "6.20"]
[White "Gelet, Seymour"]
[Black "Saha, Ananda"]
[Result "1/2-1/2"]
[WhiteElo "2011"]
[BlackElo "1861"]
[PlyCount "69"]
[EventDate "2016.07.23"]
[EventType "swiss"]
[EventRounds "8"]
[EventCountry "CAN"]

1. d4 Nf6 2. c4 e6 3. Nf3 b6 4. Bg5 Be7 5. e3 O-O 6. Bd3 Ba6 7. Qc2 h6 8. Bh4
c5 9. Nbd2 Nc6 10. a3 Rc8 11. Qa4 Bb7 12. O-O d5 13. cxd5 Nxd5 14. dxc5 Bxh4
15. Nxh4 Ne5 16. Be4 Bc6 17. Qd4 bxc5 18. Qxe5 Qxh4 19. Nf3 Qe7 20. Rfe1 Rb8
21. Re2 Rb3 22. Bxd5 Bxd5 23. e4 Bc6 24. Rc1 c4 25. Nd4 Rd8 26. h3 Qd7 27. Rd2
f6 28. Qg3 Qb7 29. Rxc4 e5 30. Nf3 Rxd2 31. Nxd2 Rxb2 32. Qc3 Rb6 33. a4 Be8
34. Rc8 Qd7 35. a5 1/2-1/2

[Event "Quebec op"]
[Site "Montreal CAN"]
[Date "2016.07.27"]
[Round "6.21"]
[White "Johnson, Nicholas"]
[Black "Steinberg, Ellis"]
[Result "1-0"]
[WhiteElo "1992"]
[BlackElo "1581"]
[PlyCount "67"]
[EventDate "2016.07.23"]
[EventType "swiss"]
[EventRounds "8"]
[EventCountry "CAN"]

1. c4 Nf6 2. g3 g6 3. Bg2 Bg7 4. Nc3 d6 5. e4 O-O 6. Nge2 Nc6 7. O-O e5 8. d3
Nd7 9. Be3 Nc5 10. Rb1 a5 11. a3 Ne6 12. b4 axb4 13. axb4 Ncd4 14. Bxd4 Nxd4
15. Ra1 Rxa1 16. Qxa1 Nxe2+ 17. Nxe2 f5 18. exf5 gxf5 19. Qa7 c6 20. b5 d5 21.
bxc6 bxc6 22. cxd5 cxd5 23. Rc1 Be6 24. d4 Rf7 25. Qc5 f4 26. dxe5 fxg3 27.
hxg3 Bxe5 28. Nd4 Bxd4 29. Qxd4 Rd7 30. Re1 Bf7 31. Re5 Rd6 32. Bf3 Qf6 33.
Qg4+ Qg6 34. Rg5 1-0

[Event "Quebec op"]
[Site "Montreal CAN"]
[Date "2016.07.27"]
[Round "6.22"]
[White "Gauthier, Denis"]
[Black "Forget, Luc"]
[Result "1-0"]
[WhiteElo "1832"]
[BlackElo "1986"]
[PlyCount "125"]
[EventDate "2016.07.23"]
[EventType "swiss"]
[EventRounds "8"]
[EventCountry "CAN"]

1. d4 Nf6 2. c4 e6 3. Nf3 b6 4. a3 Bb7 5. Nc3 d5 6. cxd5 exd5 7. Bg5 Be7 8.
Qa4+ c6 9. Bxf6 Bxf6 10. g3 O-O 11. Bh3 Re8 12. O-O Re7 13. Rfd1 Nd7 14. Qc2 c5
15. e3 c4 16. Bg2 a6 17. h4 b5 18. Nh2 Nb6 19. Ng4 Re8 20. Qf5 Bc8 21. Nxf6+
gxf6 22. Qf4 f5 23. Kh2 Ra7 24. Bh3 f6 25. Bxf5 Bxf5 26. Qxf5 Rb7 27. Re1 Kg7
28. Rad1 Qd7 29. Qf4 h5 30. Qf3 Qg4 31. Kg2 Rbe7 32. Qe2 Qxe2 33. Rxe2 f5 34.
Kf3 Kf6 35. Rb1 Rd7 36. Rd2 Rb8 37. Ne2 a5 38. Nf4 Rh7 39. Rc2 a4 40. Ke2 Ke7
41. Kd2 Kd6 42. Kc3 Nc8 43. Re1 Ne7 44. f3 Nc6 45. Rce2 b4+ 46. axb4 Rxb4 47.
Kc2 Rbb7 48. Rb1 Rb3 49. Kc1 Nb4 50. Ra1 Rc7 51. Ra3 Nd3+ 52. Kb1 Rxa3 53. bxa3
Rb7+ 54. Ka1 Rb3 55. Nxh5 Rxa3+ 56. Ra2 Rxa2+ 57. Kxa2 c3 58. Nf4 Ne1 59. Ne2
c2 60. h5 Ke7 61. g4 fxg4 62. fxg4 Kf6 63. Ka3 1-0

[Event "Quebec op"]
[Site "Montreal CAN"]
[Date "2016.07.27"]
[Round "6.23"]
[White "Bora, Yagiz"]
[Black "Lafleche, Alain"]
[Result "1-0"]
[WhiteElo "1918"]
[BlackElo "1749"]
[PlyCount "83"]
[EventDate "2016.07.23"]
[EventType "swiss"]
[EventRounds "8"]
[EventCountry "CAN"]

1. e4 e5 2. d4 exd4 3. Qxd4 Nc6 4. Qe3 Nge7 5. b3 d6 6. Bb2 Be6 7. c4 Nb4 8.
Qd2 Na6 9. Bd3 Nc6 10. f4 Bg4 11. Ne2 Nab4 12. O-O Nxd3 13. Qxd3 Nb4 14. Qd2
Bxe2 15. Qxe2 Qe7 16. a3 Nc6 17. Nc3 O-O-O 18. b4 Re8 19. Rae1 Qh4 20. Nd5 Ne7
21. Ne3 h5 22. Rf3 Ng6 23. Nf5 Qd8 24. Qf2 Kb8 25. Rd3 Ne7 26. Nd4 Rh6 27. c5
d5 28. e5 c6 29. f5 Ng8 30. Bc1 Rh7 31. Rb3 Ka8 32. a4 Be7 33. Ba3 Nh6 34. h3
Rg8 35. b5 Qa5 36. bxc6 Rb8 37. cxb7+ Rxb7 38. Rxb7 Kxb7 39. c6+ Kc8 40. Bxe7
Qxa4 41. Bd6 h4 42. Rb1 1-0

[Event "Quebec op"]
[Site "Montreal CAN"]
[Date "2016.07.27"]
[Round "6.24"]
[White "Fan, Run Kun"]
[Black "Goldner, John"]
[Result "0-1"]
[WhiteElo "2054"]
[BlackElo "1818"]
[PlyCount "88"]
[EventDate "2016.07.23"]
[EventType "swiss"]
[EventRounds "8"]
[EventCountry "CAN"]

1. Nf3 f5 2. c4 Nf6 3. Nc3 e6 4. g3 Be7 5. Bg2 d6 6. d4 O-O 7. O-O c6 8. b3 Qc7
9. Bf4 Nh5 10. Bg5 e5 11. Bxe7 Qxe7 12. c5 e4 13. cxd6 Qxd6 14. Ne5 c5 15. Nb5
Qb6 16. a4 cxd4 17. Nc4 Qd8 18. Qxd4 Qxd4 19. Nxd4 Na6 20. f3 exf3 21. Bxf3 Nf6
22. Nxf5 Bxf5 23. Bxb7 Bh3 24. Rxf6 gxf6 25. Bxa6 Rab8 26. Ne3 Be6 27. Bc4 Bxc4
28. bxc4 Rb2 29. Kf2 f5 30. Kf3 Kg7 31. c5 Kg6 32. c6 Rb3 33. Rd1 Re8 34. Rd3
Rxd3 35. exd3 Kf6 36. d4 Rc8 37. d5 Ke5 38. h3 h5 39. g4 fxg4+ 40. hxg4 hxg4+
41. Kxg4 Ke4 42. Kg5 Kxe3 43. Kf6 Kd4 44. Ke6 a5 0-1

[Event "Quebec op"]
[Site "Montreal CAN"]
[Date "2016.07.27"]
[Round "6.25"]
[White "Johnson-Constantin, Matthieu"]
[Black "Saine, Zachary"]
[Result "0-1"]
[WhiteElo "1869"]
[BlackElo "1680"]
[PlyCount "58"]
[EventDate "2016.07.23"]
[EventType "swiss"]
[EventRounds "8"]
[EventCountry "CAN"]

1. d4 d5 2. Nf3 e6 3. g3 Nf6 4. Bg2 c5 5. e3 Nc6 6. O-O Bd6 7. c4 O-O 8. b3 b6
9. Bb2 Ba6 10. Nbd2 Na5 11. Ne5 Rc8 12. Re1 cxd4 13. exd4 dxc4 14. bxc4 Bxc4
15. Bc3 Bd5 16. Bxa5 bxa5 17. Bxd5 Nxd5 18. a3 Rc3 19. Qa4 Bxe5 20. Rxe5 Qc7
21. Ne4 Rc4 22. Qd1 Rc8 23. Kg2 Rc1 24. Rxc1 Qxc1 25. Qa4 Qc4 26. Qd7 Qc6 27.
Qxa7 f6 28. Rh5 f5 29. Rg5 Nc7 0-1

[Event "Quebec op"]
[Site "Montreal CAN"]
[Date "2016.07.28"]
[Round "7.2"]
[White "Sambuev, Bator"]
[Black "Voskanyan, Vahagn"]
[Result "1-0"]
[WhiteElo "2554"]
[BlackElo "2208"]
[PlyCount "79"]
[EventDate "2016.07.23"]
[EventType "swiss"]
[EventRounds "8"]
[EventCountry "CAN"]

1. d4 Nf6 2. Nf3 d5 3. e3 g6 4. c4 Bg7 5. Nc3 O-O 6. Be2 c6 7. O-O Nbd7 8. cxd5
Nxd5 9. e4 Nxc3 10. bxc3 e5 11. Rb1 Qa5 12. Qc2 Re8 13. Be3 exd4 14. cxd4 Nf6
15. Nd2 Qc7 16. h3 Bd7 17. Rb3 Rac8 18. Qb1 b5 19. Rc1 Qd8 20. Rbc3 a5 21. Bf3
b4 22. Rc4 h6 23. Nb3 Rb8 24. Nc5 Bc8 25. Qc2 Bf8 26. Rd1 Kh7 27. Bf4 Rb5 28.
Na4 Bd7 29. Be5 Ng8 30. Bg3 Nf6 31. Bh4 Be7 32. Bxf6 Bxf6 33. e5 Bg7 34. Bxc6
Bxc6 35. Rxc6 Rd5 36. Qc4 Rexe5 37. Nb6 Rxd4 38. Rxd4 Qxd4 39. Qxf7 Re1+ 40.
Kh2 1-0

[Event "Quebec op"]
[Site "Montreal CAN"]
[Date "2016.07.28"]
[Round "7.3"]
[White "Caire, Francois"]
[Black "Bolduc, Steve"]
[Result "0-1"]
[WhiteElo "2161"]
[BlackElo "2194"]
[PlyCount "74"]
[EventDate "2016.07.23"]
[EventType "swiss"]
[EventRounds "8"]
[EventCountry "CAN"]

1. d4 d5 2. Nf3 e6 3. e3 c5 4. b3 Nf6 5. Bd3 Be7 6. O-O O-O 7. Bb2 Nc6 8. Nbd2
b6 9. Ne5 Bb7 10. f4 Rc8 11. a3 Nxe5 12. fxe5 Ne4 13. Bxe4 dxe4 14. c4 Bg5 15.
Qe2 f5 16. Rad1 Qe7 17. g3 Bh6 18. Rf2 cxd4 19. Bxd4 Rfd8 20. Nb1 Rd7 21. Nc3
Qxa3 22. Qc2 Bc6 23. g4 g6 24. h4 Qe7 25. g5 Bg7 26. Ne2 Rcd8 27. Ra1 Kf7 28.
Rg2 b5 29. Ra6 Bb7 30. Rxa7 bxc4 31. bxc4 Qb4 32. Kf2 Rc8 33. c5 Bf8 34. Rg1
Bxc5 35. Rb1 Bxa7 36. Qxc8 Qxd4 37. Rxb7 Qxe3+ 0-1

[Event "Quebec op"]
[Site "Montreal CAN"]
[Date "2016.07.28"]
[Round "7.6"]
[White "Wenaas, Eric"]
[Black "Soudre, Nicolas"]
[Result "0-1"]
[WhiteElo "2156"]
[BlackElo "2084"]
[PlyCount "88"]
[EventDate "2016.07.23"]
[EventType "swiss"]
[EventRounds "8"]
[EventCountry "CAN"]

1. c4 e5 2. Nc3 Nf6 3. Nf3 Nc6 4. g3 Bb4 5. Bg2 O-O 6. O-O Re8 7. d3 Bxc3 8.
bxc3 e4 9. Nd4 Nxd4 10. cxd4 d5 11. cxd5 Bf5 12. dxe4 Nxe4 13. Bb2 Nf6 14. Re1
Qd6 15. f3 Qb4 16. Qb3 Qxb3 17. axb3 Bc2 18. Rac1 Bxb3 19. Rxc7 Bxd5 20. e4 Bc6
21. Kf2 Rac8 22. Rxc8 Rxc8 23. Rd1 Bxe4 24. Ke3 Bd5 25. Rc1 Rxc1 26. Bxc1 Kf8
27. Ba3+ Ke8 28. Bc5 a6 29. Bf1 Bc6 30. Bc4 Bd5 31. Be2 Kd7 32. Kd2 Ne8 33. f4
Nd6 34. Bd3 g6 35. g4 Bf3 36. g5 Bg4 37. Kc3 Bf5 38. Bc4 Be6 39. Bd3 Kc7 40.
Kb4 b6 41. Bxd6+ Kxd6 42. Bxa6 Kd5 43. Kc3 Ke4 44. Bc4 Bd5 0-1

[Event "Quebec op"]
[Site "Montreal CAN"]
[Date "2016.07.28"]
[Round "7.7"]
[White "Malek, Omid"]
[Black "Lopez Linares, Lizandro"]
[Result "1/2-1/2"]
[WhiteElo "2053"]
[BlackElo "1984"]
[PlyCount "64"]
[EventDate "2016.07.23"]
[EventType "swiss"]
[EventRounds "8"]
[EventCountry "CAN"]

1. d4 d5 2. Bf4 e6 3. e3 Bd6 4. Bxd6 cxd6 5. Nd2 Nc6 6. c3 e5 7. Qb3 Nge7 8.
Bd3 O-O 9. Ne2 Kh8 10. O-O a6 11. a4 Rb8 12. Qd1 e4 13. Bc2 Ng6 14. c4 dxc4 15.
Bxe4 d5 16. Bb1 f5 17. Nf3 Qd6 18. Qd2 Nge7 19. Nf4 Ng8 20. Qe2 Nf6 21. Ng5
Nxd4 22. Qd1 Ne6 23. Ngxe6 Bxe6 24. Qd4 Rbd8 25. Bc2 Kg8 26. Rfd1 Qe7 27. Qe5
Rfe8 28. Nxe6 Qxe6 29. Qxf5 Qxf5 30. Bxf5 Re5 31. Bc2 Kf7 32. Rd4 Rc8 1/2-1/2

[Event "Quebec op"]
[Site "Montreal CAN"]
[Date "2016.07.28"]
[Round "7.9"]
[White "Huang, Qiuyu"]
[Black "Libersan, Thierry"]
[Result "0-1"]
[WhiteElo "1964"]
[BlackElo "2043"]
[PlyCount "78"]
[EventDate "2016.07.23"]
[EventType "swiss"]
[EventRounds "8"]
[EventCountry "CAN"]

1. e4 c5 2. Nf3 e6 3. d4 cxd4 4. Nxd4 Nc6 5. Be2 Nf6 6. Nc3 Bb4 7. Nxc6 bxc6 8.
Bd3 e5 9. Qe2 d6 10. Bd2 Be6 11. a3 Bc5 12. Na4 Bd4 13. c3 Bb6 14. c4 Bd4 15.
Rb1 a5 16. h3 Nd7 17. O-O O-O 18. Be3 c5 19. Bxd4 cxd4 20. Qc2 Qg5 21. Kh1 Qh4
22. Rfe1 g6 23. b4 axb4 24. Rxb4 Nf6 25. Bf1 Nh5 26. Kh2 f5 27. g3 Qe7 28. Bg2
f4 29. Qd3 fxg3+ 30. fxg3 Rf2 31. Rb2 Raf8 32. Rxf2 Rxf2 33. Kg1 Ra2 34. Rb1
Qg5 35. Rb8+ Kg7 36. Rb7+ Kh6 37. Kh2 Rxg2+ 38. Kh1 Bxh3 39. g4 Qc1+ 0-1

[Event "Quebec op"]
[Site "Montreal CAN"]
[Date "2016.07.28"]
[Round "7.10"]
[White "Rodrigue-Lemieux, Shawn"]
[Black "Poulin, Maurice"]
[Result "1-0"]
[WhiteElo "2003"]
[BlackElo "1954"]
[PlyCount "59"]
[EventDate "2016.07.23"]
[EventType "swiss"]
[EventRounds "8"]
[EventCountry "CAN"]

1. e4 g6 2. d4 Bg7 3. Nc3 d6 4. Be3 a6 5. Nf3 b5 6. Bd3 Bb7 7. a3 Nd7 8. Ne2
Ngf6 9. Ng3 Ng4 10. Bd2 h5 11. c4 c6 12. h3 Nh6 13. a4 bxa4 14. Qxa4 O-O 15.
O-O c5 16. d5 Ra7 17. Qc2 Kh8 18. Ng5 Ng8 19. f4 Ndf6 20. e5 Nh7 21. Nxh7 Kxh7
22. Nxh5 Bh6 23. f5 Bxd2 24. fxg6+ fxg6 25. Bxg6+ Kh6 26. Bf7 Be3+ 27. Kh2 Rxf7
28. Rxf7 Kxh5 29. Qf5+ Bg5 30. g4+ 1-0

[Event "Quebec op"]
[Site "Montreal CAN"]
[Date "2016.07.28"]
[Round "7.11"]
[White "Taborsky, Rostislav"]
[Black "Nikulich, Oleksandr"]
[Result "1/2-1/2"]
[WhiteElo "2180"]
[BlackElo "1984"]
[PlyCount "117"]
[EventDate "2016.07.23"]
[EventType "swiss"]
[EventRounds "8"]
[EventCountry "CAN"]

1. d4 f5 2. g3 Nf6 3. Bg2 g6 4. Nh3 d6 5. Nc3 c6 6. Nf4 e5 7. dxe5 dxe5 8.
Qxd8+ Kxd8 9. Nd3 e4 10. Bg5 Ke7 11. Nf4 Kf7 12. f3 exf3 13. Bxf3 Nbd7 14. Nd3
Bg7 15. O-O Re8 16. e4 fxe4 17. Nxe4 Nxe4 18. Bxe4+ Kg8 19. Rae1 Ne5 20. Nxe5
Bxe5 21. Bd3 Bd4+ 22. Kg2 Be6 23. Rxe6 Rxe6 24. Bc4 Rae8 25. Bf6 Bb6 26. Bc3
Bd8 27. Rd1 Bg5 28. h4 Bh6 29. Rd7 b5 30. Bxe6+ Rxe6 31. Rxa7 Re2+ 32. Kf3 Rxc2
33. g4 Bf8 34. a3 Rf2+ 35. Kg3 Bd6+ 36. Kxf2 Bc5+ 37. Kf3 Bxa7 38. b3 Kf7 39.
a4 bxa4 40. bxa4 Ke6 41. Ke4 h5 42. gxh5 gxh5 43. a5 Kd7 44. Be1 Kc7 45. Kf5
Kb7 46. Kg5 Bc5 47. Kxh5 Be7 48. Kg4 Bxh4 49. Kxh4 c5 50. Kg5 c4 51. Kf5 c3 52.
Bxc3 Ka8 53. Ke6 Kb7 54. Kd6 Ka8 55. Kc6 Ka7 56. Bd4+ Ka8 57. Kb6 Kb8 58. Be5+
Ka8 59. a6 1/2-1/2

[Event "Quebec op"]
[Site "Montreal CAN"]
[Date "2016.07.28"]
[Round "7.12"]
[White "Doubleday, William"]
[Black "Luksza, Arkadiusz"]
[Result "1/2-1/2"]
[WhiteElo "1981"]
[BlackElo "2129"]
[PlyCount "67"]
[EventDate "2016.07.23"]
[EventType "swiss"]
[EventRounds "8"]
[EventCountry "CAN"]

1. d4 d6 2. c4 e5 3. Nf3 Nc6 4. d5 Nce7 5. g3 g6 6. Nc3 Bg7 7. Bg2 Nf6 8. h3
O-O 9. Bd2 a5 10. a3 Nd7 11. e4 Nc5 12. Be3 b6 13. O-O f5 14. b4 axb4 15. axb4
Rxa1 16. Qxa1 Nxe4 17. Nxe4 fxe4 18. Ng5 Nf5 19. Ne6 Bxe6 20. dxe6 d5 21. cxd5
Qxd5 22. Qc3 Qxe6 23. Qxc7 Nxe3 24. fxe3 Rc8 25. Qb7 Qc6 26. Bxe4 Qxb7 27. Bxb7
Rd8 28. e4 Bf8 29. Bd5+ Kh8 30. b5 Bc5+ 31. Kg2 Rd7 32. Ra1 Kg7 33. h4 Bd4 34.
Ra8 1/2-1/2

[Event "Quebec op"]
[Site "Montreal CAN"]
[Date "2016.07.28"]
[Round "7.13"]
[White "Robichaud, Louis"]
[Black "Gauthier, Denis"]
[Result "1-0"]
[WhiteElo "2056"]
[BlackElo "1832"]
[PlyCount "136"]
[EventDate "2016.07.23"]
[EventType "swiss"]
[EventRounds "8"]
[EventCountry "CAN"]

1. e4 c5 2. d3 Nc6 3. g3 d5 4. Nd2 Nf6 5. Bg2 e5 6. exd5 Nxd5 7. Ngf3 Be7 8.
O-O O-O 9. Re1 f6 10. c3 Kh8 11. a3 Nc7 12. Qc2 Be6 13. Rb1 Rc8 14. Ne4 Qd7 15.
Be3 b6 16. c4 Rfd8 17. Rbd1 Bg4 18. Nc3 Nd4 19. Bxd4 cxd4 20. Ne4 b5 21. c5 Nd5
22. b4 a5 23. Rb1 Qc7 24. h3 Be6 25. Qd2 Ra8 26. Rec1 axb4 27. axb4 Ra4 28. Qe1
Rda8 29. h4 Ra3 30. Nxd4 exd4 31. Nd6 Bxd6 32. Qxe6 Bxg3 33. Qxd5 Rd8 34. Qe4
f5 35. Qb7 Qxb7 36. Bxb7 Bf4 37. Rd1 g6 38. Bc6 Rb8 39. Ra1 Rb3 40. Rdb1 Rxd3
41. Ra7 Rc3 42. Re1 Rc1 43. Rxc1 Bxc1 44. Rd7 Bb2 45. Bxb5 d3 46. Bxd3 Rxb4 47.
c6 Be5 48. h5 Rb3 49. h6 Rb8 50. c7 Bxc7 51. Rxc7 Rd8 52. Bc4 Rb8 53. f4 Rd8
54. Kf2 Rb8 55. Kg3 Rd8 56. Kh4 Rb8 57. Kg5 Rb6 58. Bf7 Rb8 59. Kf6 Rb6+ 60.
Ke7 Rb8 61. Rd7 Rc8 62. Bd5 Rb8 63. Rc7 g5 64. fxg5 f4 65. Kf7 f3 66. g6 hxg6
67. Kxg6 Rb6+ 68. Bc6 Rb8 1-0

[Event "Quebec op"]
[Site "Montreal CAN"]
[Date "2016.07.28"]
[Round "7.14"]
[White "Trahan, Daniel"]
[Black "Cloutier, Mathieu"]
[Result "1-0"]
[WhiteElo "1962"]
[BlackElo "1993"]
[PlyCount "99"]
[EventDate "2016.07.23"]
[EventType "swiss"]
[EventRounds "8"]
[EventCountry "CAN"]

1. d4 Nf6 2. c4 c5 3. d5 e6 4. Nc3 exd5 5. cxd5 d6 6. h3 g6 7. Bg5 Bg7 8. Nf3
h6 9. Bf4 O-O 10. e3 a6 11. a4 Re8 12. Be2 Ne4 13. Nxe4 Rxe4 14. Nd2 Rb4 15.
Nc4 Bf5 16. O-O g5 17. Bh2 Bh8 18. Ra2 Qc7 19. g4 Be4 20. f3 Bg6 21. Bg3 Nd7
22. Be1 Rxc4 23. Bxc4 Re8 24. e4 Bg7 25. Bc3 Ne5 26. Bd3 Bh7 27. h4 gxh4 28.
Bc2 b5 29. axb5 axb5 30. b3 Qe7 31. f4 Ng6 32. Bxg7 Kxg7 33. Qa1+ Kg8 34. Ra7
Qd8 35. Qc3 b4 36. Qa1 h3 37. Qe1 Qf6 38. Qf2 Nh4 39. e5 dxe5 40. Bxh7+ Kxh7
41. fxe5 Qxf2+ 42. Rxf2 Rxe5 43. Raxf7+ Kg6 44. d6 Rd5 45. d7 Rd1+ 46. Kh2 Rd5
47. Rf8 Rxd7 48. Kxh3 Rd3+ 49. Kxh4 Rxb3 50. R8f7 1-0

[Event "Quebec op"]
[Site "Montreal CAN"]
[Date "2016.07.28"]
[Round "7.15"]
[White "Jacquet, Stephane"]
[Black "Johnson, Nicholas"]
[Result "1/2-1/2"]
[WhiteElo "1969"]
[BlackElo "1992"]
[PlyCount "68"]
[EventDate "2016.07.23"]
[EventType "swiss"]
[EventRounds "8"]
[EventCountry "CAN"]

1. d4 e6 2. c4 f5 3. g3 Nf6 4. Bg2 d5 5. b3 c6 6. Nf3 Bb4+ 7. Bd2 Bd6 8. Ne5
O-O 9. O-O Ne4 10. Be3 Nd7 11. Nd3 Ndf6 12. Bf4 Bxf4 13. Nxf4 g5 14. Nd3 dxc4
15. Ne5 cxb3 16. axb3 c5 17. f3 Nd5 18. Qc1 Ndc3 19. Nxc3 Qxd4+ 20. Kh1 Nxc3
21. Qxg5+ Kh8 22. f4 Ne4 23. Bxe4 Qxe4+ 24. Rf3 Qd4 25. Raf1 b5 26. Rd3 Bb7+
27. Rff3 Bxf3+ 28. exf3 Qf2 29. Ng6+ hxg6 30. Qh6+ Kg8 31. Qxg6+ Kh8 32. Qh6+
Kg8 33. Qg6+ Kh8 34. Qh6+ Kg8 1/2-1/2

[Event "Quebec op"]
[Site "Montreal CAN"]
[Date "2016.07.28"]
[Round "7.16"]
[White "Gagnon, Serge"]
[Black "Prahov, Valentin"]
[Result "0-1"]
[WhiteElo "2013"]
[BlackElo "2188"]
[PlyCount "106"]
[EventDate "2016.07.23"]
[EventType "swiss"]
[EventRounds "8"]
[EventCountry "CAN"]

1. Nf3 Nf6 2. g3 g6 3. Bg2 Bg7 4. O-O O-O 5. d4 d5 6. c4 c6 7. Nc3 dxc4 8. a4
Na6 9. Ne5 Be6 10. a5 Nd5 11. Ra4 Nxc3 12. bxc3 Bxe5 13. dxe5 Qxd1 14. Rxd1
Rfd8 15. Re1 Bd5 16. Ba3 Kf8 17. Rb1 Rab8 18. f3 Nc7 19. Bh3 Nb5 20. Bb2 f5 21.
Kf2 Be6 22. Ke1 Rd7 23. Rd1 Rbd8 24. Rxd7 Rxd7 25. Bf1 Rd5 26. f4 Nc7 27. e3
Rb5 28. Rb4 Rxb4 29. cxb4 Nb5 30. Kd2 Bd5 31. Be2 h5 32. Bd1 Ke8 33. Ba4 c3+
34. Bxc3 Nxc3 35. Kxc3 Kd7 36. Kd4 b6 37. Bc2 e6 38. Bd3 Kc7 39. Be2 c5+ 40.
bxc5 bxa5 41. Bb5 Bc6 42. Ba6 Bd7 43. Bd3 a4 44. e4 a3 45. Bc4 fxe4 46. Bb3 a5
47. h3 a4 48. Ba2 Kc6 49. g4 hxg4 50. hxg4 e3 51. Kxe3 Kxc5 52. f5 exf5 53. e6
Bxe6 0-1

[Event "Quebec op"]
[Site "Montreal CAN"]
[Date "2016.07.28"]
[Round "7.17"]
[White "Saha, Ananda"]
[Black "Babb, Jeff"]
[Result "1/2-1/2"]
[WhiteElo "1861"]
[BlackElo "2096"]
[PlyCount "72"]
[EventDate "2016.07.23"]
[EventType "swiss"]
[EventRounds "8"]
[EventCountry "CAN"]

1. d4 Nf6 2. c4 c5 3. d5 b5 4. cxb5 a6 5. b6 d6 6. Nc3 Qxb6 7. a4 a5 8. e4 Ba6
9. Bb5+ Bxb5 10. axb5 g6 11. Qe2 Bg7 12. Nf3 O-O 13. O-O Nbd7 14. Nd2 Qc7 15.
Nc4 Nb6 16. Rxa5 Nxc4 17. Rxa8 Rxa8 18. Qxc4 Nd7 19. Be3 Qa5 20. f4 Rb8 21. e5
Qb4 22. Qa2 Re8 23. Qa7 Nb8 24. Rf2 f6 25. f5 fxe5 26. Bg5 gxf5 27. Bxe7 e4 28.
Rxf5 Qxb2 29. Bg5 Rf8 30. Rxf8+ Bxf8 31. Qxb8 Qxc3 32. h4 Qd4+ 33. Kh1 Qa1+ 34.
Kh2 Qe5+ 35. Kg1 Qa1+ 36. Kh2 Qe5+ 1/2-1/2

[Event "Quebec op"]
[Site "Montreal CAN"]
[Date "2016.07.28"]
[Round "7.18"]
[White "Allard, Laurent"]
[Black "Bora, Yagiz"]
[Result "1/2-1/2"]
[WhiteElo "2040"]
[BlackElo "1918"]
[PlyCount "125"]
[EventDate "2016.07.23"]
[EventType "swiss"]
[EventRounds "8"]
[EventCountry "CAN"]

1. e4 d6 2. d4 Nf6 3. Nc3 e5 4. Nf3 Nbd7 5. Bc4 Be7 6. O-O Nb6 7. Bb3 exd4 8.
Nxd4 c5 9. Nf3 c4 10. Ba4+ Nxa4 11. Nxa4 Nxe4 12. Qd5 Nf6 13. Qxc4 O-O 14. Nc3
Be6 15. Qd3 Rc8 16. b3 Nd7 17. Nd4 Ne5 18. Qd2 Nc6 19. Nce2 d5 20. Bb2 Bf6 21.
Rad1 Nxd4 22. Bxd4 Be7 23. Rfe1 Qc7 24. c3 Bd6 25. h3 h6 26. Nc1 Bf4 27. Qb2
Bf5 28. Nd3 Bh2+ 29. Kh1 f6 30. Re3 Bd6 31. Rde1 b6 32. Qe2 Be4 33. Qh5 Qf7 34.
Qxf7+ Kxf7 35. f3 Bf5 36. g4 Bd7 37. Kg2 Rfe8 38. f4 Rxe3 39. Rxe3 Bc5 40. Ne1
a5 41. Nc2 f5 42. Kf3 fxg4+ 43. hxg4 h5 44. gxh5 Bf5 45. Bxc5 bxc5 46. Re2 Rh8
47. Ne3 Rxh5 48. Nxd5 Bd3 49. Re7+ Kf8 50. Re5 Rxe5 51. fxe5 Bb1 52. Nc7 Ke7
53. Na6 c4 54. b4 axb4 55. Nxb4 Ke6 56. Kf4 g5+ 57. Kxg5 Kxe5 58. a4 Ke4 59.
Kf6 Ke3 60. Ke5 Be4 61. a5 Ba8 62. a6 Kd2 63. Kd4 1/2-1/2